00453 2200181 4500245005300000020002200053250001100075100001300086700003100099650001900130650002200149005001900171260002200190041001400212084001000226300002600236336000900262 aReparasi Motor Bensin dan DieselcSoedjonohText a978-979-027-234-0 aCet. 1 aSoedjono aTim Penyunting Titian Ilmu aReparasi Motor aBensin dan Diesel a20230411130848 bTitian Ilmuc2013 aIndonesia a629.2 avi, 111 hlm. :cilus. atext